000
00287nam a22001337a 4500
008
171030b xxu||||| |||| 00| 0 eng d
020
_a
9780030350764
041
_a
eng
080
_a
336
100
_a
57
101
_a
FIN
245
_a
CORPORATE FINANCE
_c
SMART, S.B
942
_2
udc
_c
BK
999
_c
36455
_d
36455